শিক্ষাদর্শন ও ইসলাম (Record no. 14432)
[ view plain ]
| 000 -LEADER | |
|---|---|
| fixed length control field | 00788nam a2200229 a 4500 |
| 001 - CONTROL NUMBER | |
| control field | 014432 |
| 003 - CONTROL NUMBER IDENTIFIER | |
| control field | BD-ChCU |
| 005 - DATE AND TIME OF LATEST TRANSACTION | |
| control field | 20230204160958.0 |
| 008 - FIXED-LENGTH DATA ELEMENTS--GENERAL INFORMATION | |
| fixed length control field | Ben |
| 020 ## - INTERNATIONAL STANDARD BOOK NUMBER | |
| International Standard Book Number | ৯৮৪০৬০৬৮৫৯ |
| 040 ## - CATALOGING SOURCE | |
| Original cataloging agency | DLC |
| Transcribing agency | DLC |
| Modifying agency | BD-ChCU |
| 082 00 - DEWEY DECIMAL CLASSIFICATION NUMBER | |
| Classification number | ৩৭০.১/শিক্ষা৩০ |
| 100 1# - MAIN ENTRY--PERSONAL NAME | |
| Personal name | ইসলামিক ফাউন্ডেশন বাংলাদেশ |
| Numeration | - |
| 245 10 - TITLE STATEMENT | |
| Title | শিক্ষাদর্শন ও ইসলাম |
| Remainder of title | - |
| 250 ## - EDITION STATEMENT | |
| Edition statement | *** |
| 260 ## - PUBLICATION, DISTRIBUTION, ETC. | |
| Place of publication, distribution, etc. | ঢাক |
| Name of publisher, distributor, etc. | ইসলামিক ফাউন্ডেশন বাংলাদেশ |
| Date of publication, distribution, etc. | ২০০৪ |
| 300 ## - PHYSICAL DESCRIPTION | |
| Extent | ২৫৬পৃ: |
| 504 ## - BIBLIOGRAPHY, ETC. NOTE | |
| Bibliography, etc. note | - Biblio- |
| 650 #0 - SUBJECT ADDED ENTRY--TOPICAL TERM | |
| Topical term or geographic name entry element | শিক্ষা-তত্ত্ব ও দর্শন |
| Topical term following geographic name entry element | শিক্ষা |
| 700 1# - ADDED ENTRY--PERSONAL NAME | |
| Personal name | - |
| 942 ## - ADDED ENTRY ELEMENTS (KOHA) | |
| Source of classification or shelving scheme | Dewey Decimal Classification |
| Koha item type | Books |
| Withdrawn status | Lost status | Source of classification or shelving scheme | Damaged status | Not for loan | Home library | Current library | Date acquired | Source of acquisition | Total Checkouts | Full call number | Barcode | Date last seen | Copy number | Price effective from | Koha item type | Public note |
|---|---|---|---|---|---|---|---|---|---|---|---|---|---|---|---|---|
| Dewey Decimal Classification | Chittagong University Library | Chittagong University Library | 06/14/2015 | দান | ৩৭০.১/শিক্ষা৩০ | B২২৪৯৬৭ | 09/13/2015 | ০১ | 09/13/2015 | Books | প্রফেসর ড. আবদুল করিম প্রদত্ত | |||||
| Dewey Decimal Classification | Chittagong University Library | Chittagong University Library | 06/14/2015 | দান | ৩৭০.১/শিক্ষা৩০ | B২২৪৯৬৮ | 09/13/2015 | ০২ | 09/13/2015 | Books | প্রফেসর ড. আবদুল করিম প্রদত্ত | |||||
| Dewey Decimal Classification | Chittagong University Library | Chittagong University Library | 11/22/2016 | ক্রয়কৃত | ৩৭০.১/শিক্ষা৩০ | B৩১৫১২৬ | 11/22/2016 | ০৩ | 11/22/2016 | Books |